000 00752cab a2200241 4500
001 ABS53874
008 090401t1995 xxu||||| |||| 00| 0 eng d
035 _a(Sirsi) u7076
041 _aeng
100 _aMcCormack, S.
245 _aPiling
260 _c1995
350 _a0
490 _aContract Journal
_v16 November 1995, 33-43(10)
520 _aA special report on the piling industry and how it it coping with a shrinking workload. Statistics for eleven leading companies, plus new technological developments and methods for dealing with polluted land.
650 _aCONTAMINATED LAND
650 _aLAND RECLAMATION
650 _aPILING
690 _aBUILT ENVIRONMENT
700 _aBarton, N.
942 _n0
948 _c04/03/1997
999 _c4221
_d4221